| 000 | 00555nam a22001577a 4500 | ||
|---|---|---|---|
| 003 | NUST | ||
| 008 | 220819b ||||| |||| 00| 0 eng d | ||
| 020 | _a0571098010 | ||
| 082 | _a355.4, KIT | ||
| 100 |
_aFrank Kitson _998246 |
||
| 245 |
_aLow intensity operations: _bSubversion insurgency & peacekeeping/ _cFrank Kitson |
||
| 260 |
_aPakistan _bSVC Book Club _c1971 |
||
| 300 | _axi, 208:pages | ||
| 505 | _aPart 1: Trends and background (Page-11), Part 2: The army's contribution (Page-65), Part 3: Preparation required (Page-163). | ||
| 942 |
_2ddc _cBK |
||
| 999 |
_c591241 _d591241 |
||